[Event "POL-ch U14 Girls"]
[Site "Uniejow"]
[Date "2021.07.22"]
[Round "6"]
[White "Brelinska, Marcelina"]
[Black "Mitrega, Wiktoria"]
[Result "0-1"]
[WhiteElo "1057"]
[BlackElo "1251"]
[PlyCount "112"]
[EventDate "2021.07.18"]
[EventType "swiss"]
[EventRounds "9"]
[EventCountry "POL"]
[SourceTitle "EXT 2022"]
[Source "ChessBase"]
[SourceDate "2021.10.06"]
[SourceVersion "1"]
[SourceVersionDate "2021.10.06"]
[SourceQuality "1"]

1. e4 e6 2. d4 d5 3. e5 c5 4. Nf3 Nc6 5. Bf4 Qb6 6. b3 cxd4 7. a4 a6 8. Bd3 Bb4+ 9. Nbd2 Nge7 10. 0-0 Ng6 11. Bg3 Bd7 12. Qc1 Rc8 13. h3 Bc3 14. Rb1 Nb4 15. Bxg6 hxg6 16. Qd1 Bxd2 17. Qxd2 Rxc2 18. Qxd4 Qxd4 19. Nxd4 Rc8 20. Rbc1 0-0 21. Rxc8 Rxc8 22. f4 Rc3 23. Be1 Rd3 24. Bxb4 Rxd4 25. Bd6 Bc6 26. h4 Rd2 27. Kh2 d4 28. Rg1 Rb2 29. b4 Bxa4 30. Kg3 d3 31. Kf3 d2 32. Ke3 d1Q 33. Rxd1 Bxd1 34. g3 Rb3+ 35. Kf2 Rf3+ 36. Kg2 f6 37. exf6 gxf6 38. Bc5 Kf7 39. Kh2 e5 40. fxe5 fxe5 41. Kh3 e4 42. Kg4 Rc3+ 43. Kf4 Rxc5 44. bxc5 Bf3 45. Ke3 a5 46. g4 a4 47. Kd2 a3 48. Kc2 e3 49. Kb3 e2 50. Kxa3 e1Q 51. Ka4 Qb1 52. h5 gxh5 53. gxh5 Be2 54. h6 Bc4 55. h7 Qb3+ 56. Ka5 Qb5# 0-1